| 000 | 00683nam a2200229 a 4500 | ||
|---|---|---|---|
| 005 | 20200104041539.0 | ||
| 008 | 140310b2001 ec ||||| |||| 00| 0 spa d | ||
| 040 |
_aCO-BoIAVH _cCO-BoIAVH |
||
| 041 | _aspa | ||
| 044 | _aec | ||
| 082 | 1 |
_a333.7516 _bF71f3 |
|
| 110 | 1 | _bFundación Rescate del Bosque Tropical | |
| 245 | 1 | 0 | _aManual práctico de forestería análoga. |
| 250 | _a2 edición. | ||
| 260 |
_aQuito: _bFundación Rescate del Bosque Tropical, _c2001. |
||
| 300 | _a38 páginas. | ||
| 650 | 1 | _aPolíticas forestales | |
| 650 | 1 | _aEcología forestal | |
| 650 | 1 | _aSucesión vegetal | |
| 650 | 1 | _aUso sostenible | |
| 942 |
_cFolleto _2ddc |
||
| 999 |
_c3197 _d3197 |
||